Expozícia Kremnické zvony a zvonolejári. Malá veža Mestského hradu Kremnica

Bibliographic Details
Corporate Author: Múzeum mincí a medailí v Kremnici (Author)
Other Authors: Šeňová, Nadežda (Compiler), Lašut, Filip, 1945-2012 (Photographer)
Format: Book
Language:Slovak
PhysicalDescription:1 skladačka ([8] s.) fareb. fotogr. 20 x 10 cm
Published: Kremnica Múzeum mincí a medailí 1997
ISBN:8080430241
Subjects:

MARC

LEADER 00000nam a2200000 a 4500
001 vtls001327271
003 SK-MaSNL
005 20260301114246.0
008 130606s1997 xo o g c 00000dslo
015 |a SNBE1998/03-01885 
020 |a 8080430241 
035 |a SNK000280067 
040 |a SNK  |b slo  |c SNK  |e AACR2 
041 0 |a slo 
044 |a xo  |c SK 
080 |a 673.5(083.9)  |2 1981 
110 2 |a Múzeum mincí a medailí v Kremnici  |4 aut  |9 32293 
245 1 0 |a Expozícia Kremnické zvony a zvonolejári. Malá veža Mestského hradu Kremnica  |c zostavila Naďa Šeňová ; fotografie Filip Lašut 
260 |a Kremnica  |b Múzeum mincí a medailí  |c 1997 
300 |a 1 skladačka ([8] s.)  |b fareb. fotogr.  |c 20 x 10 cm 
500 |a Biogr. údaje 
610 1 7 |a Kremnica (Slovensko : hrad)  |2 SNKPH  |9 160405 
650 0 7 |a zvony  |2 SNKPH  |9 1956 
650 0 7 |a zvonolejárstvo  |2 SNKPH  |9 25646 
651 7 |a Žiar nad Hronom (Slovensko : okres)  |2 SNKPH  |9 17733 
655 7 |a katalógy výstav  |2 SNKPH  |9 70445 
700 1 |a Šeňová, Nadežda  |4 com  |9 47137 
700 1 |a Lašut, Filip,  |d 1945-2012  |4 pht  |9 151668 
919 |a 80-8043-024-1 
958 |a BX 
999 |c 717712  |d 719642 
952 |t P60, <03>, [BOOK], {603}  |a SNK  |b SNK  |y PREZ  |7 0  |p 17A0130786  |o snkOSC 19593  |i snkKSP 3849/98  |0 0  |1 0  |4 0  |d 1998-04-08  |l 0  |r 2005-01-02 00:00:00  |w 2026-02-23 
952 |t P60, <04>, [BOOK], {604}  |a SNK  |b SNK  |y VYP  |7 0  |p 17A0153546  |o snkOSC 19593 D1  |i snkKSP 7867/98  |0 0  |1 0  |4 0  |d 1998-08-24  |l 0  |r 2005-01-02 00:00:00  |w 2026-02-23 
952 |t P60, <09>, [BOOK], {629}  |a SNK  |b SNK  |y NEVYP  |7 0  |o snkD 13  |i snk147/20000131  |0 0  |1 0  |4 0  |d 2000-01-28  |l 0  |r 2005-01-02 00:00:00  |w 2026-02-23